000 00761nam a2200217 4500
001 108655
003 ES-MaACL
007 t|
008 061121s1985 sp r ||||1| spa d
020 _a84-323-0514-6
100 1 _aMonsalvo Antón, José María.
_982289
245 1 0 _aTeoría y evolución de un conflicto social
_b: el antisemitismo en la Corona de Castilla en la Baja Edad Media /
_cJosé María Monsalvo Antón.
250 _a1ª. ed.
260 _aMadrid :
_bSiglo Veintiuno de España,
_c1985.
300 _a351 p. ;
_c20 cm.
490 1 _aHistoria de los movimientos sociales
830 0 _aHistoria de los movimientos sociales
_9180737
852 _aES-MaACL
_jL-8268
_bR.108994
852 _aES-MaACL
_jL-8992
_bR.110599
999 _c108655
_d108655